00611nam a2200193 a 4500020001800000082001800018100001900036245004800055260003900103300001000142500003500152505001700187650001900204650002000223700001900243942000700262952013100269999001700400 a8120889 00a294.5921bSHA aSharma, Arvind aExperimental Dimensions of Advaita Vedanta. aDelhi bMotilal Banarsidass c1993 a116p. aincludes index and biblioraphy2 aBibliography aVedas-Hinduism aAdvaita Vedanta1 aSharma, Arvind cBK 001040708StackRoom-aHMIbHMId2007-07-25g125.00l1o294.5921 SHAp015491r2022-08-12s2022-08-05v125.00w2005-05-24yBK c10244d10244